Variational principles in dynamics and quantum theory

محفوظ في:
التفاصيل البيبلوغرافية
المؤلفون الرئيسيون: Yourgrau, Wolfgang (مؤلف), Mandelstam, Stanley (مؤلف)
التنسيق: كتاب
اللغة:الإنجليزية
منشور في: Nueva York Pitman Publishing 1960
الطبعة:2a. ed
الموضوعات:
الوسوم: إضافة وسم
لا توجد وسوم, كن أول من يضع وسما على هذه التسجيلة!

MARC

LEADER 00000nam a2200000 a 4500
001 UCH2512
003 CL-VaPUC
008 090618e19600000US |||||||||||||||||eng|d
082 0 4 |a 530.12  |b YOU  |2 21 
100 0 |a Yourgrau, Wolfgang  |e author  |9 537369 
700 0 |a Mandelstam, Stanley  |e author  |9 537370 
245 1 0 |a Variational principles in dynamics and quantum theory 
250 |a 2a. ed 
300 |a 180 p 
942 |c BK 
945 |d 20090618 00:00:00  |a rbrito 
260 |a Nueva York  |b Pitman Publishing  |c 1960 
650 0 |a Teoría cuántica  |9 266148 
650 0 |a Mecánica cuántica  |9 306806 
650 0 |a Electrodinámica   |9 317185 
583 |a last modification  |c 20090618 00:00:00  |k Rodrigo Vera 
999 |c 334243  |d 334241 
952 |0 0  |1 0  |4 0  |6 530_120000000000000_YOU_1960  |7 0  |8 A  |9 423105  |a BIBCUR  |b BIBCUR  |d 2019-11-22  |i 4535537  |o 530.12 YOU 1960  |p 4535537  |r 2025-04-22  |w 2019-11-22  |y BK  |k FIS